| 000 -LEADER |
| fixed length control field |
00589cam a2200169 a 4500 |
| 020 ## - INTERNATIONAL STANDARD BOOK NUMBER |
| ISBN |
0804719837 (cloth : alk. paper) : |
| 020 ## - INTERNATIONAL STANDARD BOOK NUMBER |
| ISBN |
0804720215 (paper : alk. paper) : |
| 040 ## - CATALOGING SOURCE |
| Transcribing agency |
DLC |
| 082 00 - DEWEY DECIMAL CLASSIFICATION NUMBER |
| Classification number |
382 SAT 1992 A073 Or. |
| 100 1# - MAIN ENTRY--AUTHOR NAME |
| Personal name |
Sanderson, Steven E. |
| 245 14 - TITLE STATEMENT |
| Title |
The politics of trade in Latin American development / |
| 260 ## - PUBLICATION, DISTRIBUTION, ETC. (IMPRINT) |
| Place of publication |
Stanford, Calif. : |
| Name of publisher |
Stanford University Press, |
| Year of publication |
1992. |
| 300 ## - PHYSICAL DESCRIPTION |
| Number of Pages |
xii, 292 p. ; |
| Dimensions |
24 cm. |
| 856 42 - ELECTRONIC LOCATION AND ACCESS |
| Uniform Resource Identifier |
http://www.loc.gov/catdir/description/cam024/91039863.html |
| 856 41 - ELECTRONIC LOCATION AND ACCESS |
| Uniform Resource Identifier |
http://www.loc.gov/catdir/toc/cam026/91039863.html |
| 942 ## - ADDED ENTRY ELEMENTS (KOHA) |
| Koha item type |
សៀវភៅភាសាអង់គ្លេស |
| 952 ## - LOCATION AND ITEM INFORMATION (KOHA) |
| Withdrawn status [LOCAL, KOHA] |
0 |